Tarihi Siverek il'inin potansiyeli ve kültürü (Record no. 2097)

MARC details
000 -BAŞLIK
Sabit Uzunlukta Kontrol Alanı 00851na a2200241 4500
001 - KONTROL NUMARASI
Denetim Alanı 15563
003 - KONTROL NUMARASI IDENTIFIER
Denetim Alanı MIRAKIL
005 - SON İŞLEM TARİHİ VE ZAMANI
Denetim Alanı 20181213154845.0
008 - SABİT-BOY VERİ ELEMANLARI - GENEL BİLGİLER
Sabit Uzunlukta Kontrol Alanı 160917b tu 000 0
040 ## - KATALOGLAMA KAYNAK
Orijinal Kataloglama Ajansı Milas
Kataloglama Dili tur
Metne Dönüştürmek Ajansı TR-AnCHP
082 ## - DEWEY ONLU SINIFLANDIRMA NUMARASI
Sınıflandırma Numarası 956.67424
Ürün Numarası T26 2002
090 ## - SINIFLAMA NUMARASI
Sınıflama Numarası 956.67424 T26 2002
245 ## - BAŞLIK TABLOSU
Başlık Tarihi Siverek il'inin potansiyeli ve kültürü
Sorumluluk Tablosu, Vb Düzenleyen Koç Ali Aymaz
246 ## - UNVAN FORM VARYING
Başlık Doğru / Kısa Başlığı Tarihi Siverek ilinin potansiyeli ve kültürü
260 ## - YAYIN, DAĞITIM, VB
Yayın, Dağıtım, Vb Yeri Bursa
Yayıncı, Dağıtıcı, Vs Adı Siverek'i Vilayet Yapma ve Kalkındırma Derneği
Yayın, Dağıtım, Vb Tarihi 2002
300 ## - FİZİKSEL TANIM
Kapsam 328 s.
Diğer Fiziksel Ayrıntıları tbl. , fotğ. , hrt.
Boyutlar 23 sm.
490 ## - SERİSİ TABLOSU
Seri Beyanı Siverek'i İl Yapma ve Kalkındırma Derneği Bülteni
Hacim / Ardışık Tanımı 4
651 ## - KONU KATMA GİRİŞ - COĞRAFİ ADI
Coğrafi İsim Siverek, Şanlıurfa
Genel Alt Bölümü Sosyal yapı
651 ## - KONU KATMA GİRİŞ - COĞRAFİ ADI
Coğrafi İsim Siverek, Şanlıurfa
Genel Alt Bölümü Tarih
651 ## - KONU KATMA GİRİŞ - COĞRAFİ ADI
Coğrafi İsim Siverek, Şanlıurfa
Genel Alt Bölümü Kültürel yapı
700 ## - KATMA GİRİŞ - KİŞİSEL İSİM
Kişisel Ad Aymaz, Koç Ali
942 ## - EKLENDİ GİRİŞ ELEMANLARI (KOHA)
Sınıflandırma Veya Raf Düzeni Kaynak
Koha Öğesi Türü Books
999 ## - SİSTEM KONTROL NUMARALARI (KOHA)
Koha Biblionumber 2097
Koha Biblioitemnumber 2097
Holdings
Kalıcı Konum Mevcut Konum Edinme Tarihi Edinim Kaynak Toplam Check-Out'Lar Tam Çağrı Numarası Barkod Tarih Son Görülme İtibaren Geçerli Fiyatlar Koha Öğesi Türü
CHP Kütüphanesi CHP Kütüphanesi 09/17/2016 Bağış   956.67424 T26 2002 003912 09/17/2016 09/17/2016 Books